Dayton : the cradle of creativity /

Disimpan dalam:
Butiran Bibliografi
Pengarang Utama: Huffman, Dale, 1936-
Pengarang-pengarang Lain: Snow, Andy, 1950-, Tyler, James 1963-
Format: Buku
Bahasa:English
Diterbitkan: Memphis, Tenn. : Towery Pub., 1998.
Siri:Urban tapestry series.
Subjek-subjek:
Penanda-penanda: Tambah Penanda
Tiada Penanda, Jadilah orang pertama menanda rekod ini!
LEADER 01064cam a22003258a 4500
001 007797875-7
005 20020606104010.5
008 980513s1998 tnua 001 0 eng
010 |a  98024307  
020 |a 1881096602 (alk. paper) 
035 0 |a ocm39147873 
040 |a DLC  |c DLC  |d DLC 
043 |a n-us-oh 
050 0 0 |a F499.D25  |b H84 1998 
082 0 0 |a 977.1/72  |2 21 
100 1 |a Huffman, Dale,  |d 1936- 
245 1 0 |a Dayton :  |b the cradle of creativity /  |c by Dale Huffman and Andy Snow. Profiles in excellence / by James Tyler. 
260 |a Memphis, Tenn. :  |b Towery Pub.,  |c 1998. 
300 |a 303 p. :  |b col. ill. ;  |c 31 cm. 
490 1 |a Urban tapestry series 
500 |a Includes index. 
650 0 |a Business enterprises  |z Ohio  |z Dayton. 
651 0 |a Dayton (Ohio)  |x Civilization. 
651 0 |a Dayton (Ohio)  |x Pictorial works. 
700 1 |a Snow, Andy,  |d 1950- 
700 1 2 |a Tyler, James  |q (James William),  |d 1963-  |t Profiles in excellence. 
740 0 2 |a Profiles in excellence. 
830 0 |a Urban tapestry series. 
988 |a 20020608 
906 |0 DLC